[Event "Budapest op 4th"]
[Site "Budapest"]
[Date "2014.08.20"]
[Round "5"]
[White "Nagy, Aron"]
[Black "Szecsi, Pal"]
[Result "1-0"]
[WhiteElo "2145"]
[BlackElo "1882"]
[PlyCount "89"]
[EventDate "2014.08.16"]
[EventType "swiss"]
[EventRounds "9"]
[EventCountry "HUN"]
[SourceTitle "CBM 161 Extra"]
[Source "ChessBase"]
[SourceDate "2014.08.29"]
[SourceVersion "1"]
[SourceVersionDate "2014.08.29"]
[SourceQuality "1"]

1. d4 Nf6 2. Nf3 g6 3. Bg5 Ne4 4. Bh4 Bg7 5. e3 c5 6. Nbd2 Nxd2 7. Qxd2 0-0 8. c3 cxd4 9. exd4 Qc7 10. Bd3 Nc6 11. 0-0 d6 12. d5 Ne5 13. Nxe5 dxe5 14. Qe2 e6 15. Bc4 exd5 16. Bxd5 Re8 17. Qb5 Bd7 18. Qb3 Be6 19. Rad1 Rac8 20. Qxb7 Qxb7 21. Bxb7 Rc7 22. Bd5 f6 23. Bxe6+ Rxe6 24. Rd8+ Kf7 25. Rfd1 Ree7 26. f3 Rb7 27. b3 Rec7 28. c4 Bf8 29. Kf1 a5 30. Bxf6 Kxf6 31. Rxf8+ Ke7 32. Ra8 Ra7 33. Rdd8 a4 34. Rxa7 Rxa7 35. Rb8 axb3 36. axb3 Kd6 37. b4 Kc7 38. Rb5 Ra4 39. Rxe5 Rxb4 40. Re7+ Kb6 41. Rxh7 Rxc4 42. Rh6 Rc6 43. Kf2 Kc5 44. h4 Kd4 45. Kg3 1-0

[Event "Budapest op 4th"]
[Site "Budapest"]
[Date "2014.08.18"]
[Round "3"]
[White "Nagy, Aron"]
[Black "Juhasz, Mark"]
[Result "1/2-1/2"]
[WhiteElo "2145"]
[BlackElo "2210"]
[PlyCount "48"]
[EventDate "2014.08.16"]
[EventType "swiss"]
[EventRounds "9"]
[EventCountry "HUN"]
[SourceTitle "CBM 161 Extra"]
[Source "ChessBase"]
[SourceDate "2014.08.29"]
[SourceVersion "1"]
[SourceVersionDate "2014.08.29"]
[SourceQuality "1"]

1. d4 Nf6 2. Nf3 c5 3. c3 b6 4. Bg5 Bb7 5. Nbd2 d6 6. e4 h6 7. Bxf6 exf6 8. Bb5+ Bc6 9. Bxc6+ Nxc6 10. Qa4 Qd7 11. dxc5 dxc5 12. 0-0-0 Ne5 13. Qxd7+ Nxd7 14. Nc4 0-0-0 15. Rhe1 Be7 16. e5 fxe5 17. Ncxe5 Nxe5 18. Nxe5 Rxd1+ 19. Rxd1 Bg5+ 20. Kc2 Re8 21. Nxf7 Re2+ 22. Kb1 Rxf2 23. Nxg5 hxg5 24. g4 Rxh2 1/2-1/2

[Event "Budapest Karacsonyi op 5th"]
[Site "Budapest"]
[Date "2013.12.30"]
[Round "6"]
[White "Nagy, Aron"]
[Black "Juhasz, Bela"]
[Result "1-0"]
[WhiteElo "2127"]
[BlackElo "2141"]
[PlyCount "83"]
[EventDate "2013.12.27"]
[EventType "swiss"]
[EventRounds "7"]
[EventCountry "HUN"]
[SourceTitle "CBM 158 Extra"]
[Source "ChessBase"]
[SourceDate "2014.02.28"]
[SourceVersion "1"]
[SourceVersionDate "2014.02.28"]
[SourceQuality "1"]

1. Nf3 Nf6 2. g3 b6 3. Bg2 Bb7 4. c4 c5 5. Nc3 g6 6. 0-0 Bg7 7. Re1 0-0 8. e4 d6 9. d4 cxd4 10. Nxd4 Qd7 11. b3 Nc6 12. Nxc6 Bxc6 13. Bb2 Qb7 14. Nd5 Bxd5 15. exd5 Rfe8 16. a4 Nd7 17. Bxg7 Kxg7 18. Qd4+ Kg8 19. Ra2 a5 20. Rae2 Nc5 21. Re3 Rad8 22. Qf4 Kg7 23. g4 Qc7 24. Rh3 Rh8 25. Qh6+ Kg8 26. Rhe3 Re8 27. h4 e5 28. dxe6 fxe6 29. Bd5 Qf7 30. f4 Qg7 31. Qg5 Qd4 32. Kg2 Kg7 33. f5 Nd3 34. f6+ Qxf6 35. Qxf6+ Kxf6 36. Rxe6+ Rxe6 37. Rxe6+ Kg7 38. Rxd6 Rb8 39. Rd7+ Kf6 40. Rxh7 Nc5 41. Kf3 Nxb3 42. Kf4 1-0

[Event "Budapest Karacsonyi op 5th"]
[Site "Budapest"]
[Date "2013.12.28"]
[Round "3"]
[White "To, Nhat Minh"]
[Black "Nagy, Aron"]
[Result "1-0"]
[WhiteElo "2350"]
[BlackElo "2127"]
[PlyCount "43"]
[EventDate "2013.12.27"]
[EventType "swiss"]
[EventRounds "7"]
[EventCountry "HUN"]
[SourceTitle "CBM 158 Extra"]
[Source "ChessBase"]
[SourceDate "2014.02.28"]
[SourceVersion "1"]
[SourceVersionDate "2014.02.28"]
[SourceQuality "1"]

1. c4 c5 2. g3 g6 3. Bg2 Bg7 4. Nc3 Nc6 5. Nf3 d6 6. 0-0 Bf5 7. d3 Qd7 8. e3 Bh3 9. d4 cxd4 10. exd4 h5 11. Bxh3 Qxh3 12. Nd5 Rb8 13. Nf4 Qd7 14. Be3 Nh6 15. Qe2 Nf5 16. Rad1 h4 17. b3 Nxe3 18. fxe3 hxg3 19. hxg3 Qg4 20. Qg2 g5 21. Nd3 Rh3 22. Nf2 1-0

[Event "Budapest FS12 FM-A"]
[Site "Budapest"]
[Date "2013.12.09"]
[Round "3"]
[White "Gal, Hanna Krisztina"]
[Black "Nagy, Aron"]
[Result "1-0"]
[WhiteElo "2074"]
[BlackElo "2127"]
[PlyCount "53"]
[EventDate "2013.12.07"]
[EventType "tourn"]
[EventRounds "9"]
[EventCountry "HUN"]
[SourceTitle "CBM 158 Extra"]
[Source "ChessBase"]
[SourceDate "2014.02.28"]
[SourceVersion "1"]
[SourceVersionDate "2014.02.28"]
[SourceQuality "1"]

1. e4 c5 2. Nf3 d6 3. c3 Nf6 4. Be2 g6 5. 0-0 Bg7 6. d3 0-0 7. Nbd2 Nc6 8. Re1 e5 9. Bf1 Re8 10. a4 d5 11. Qc2 b6 12. exd5 Nxd5 13. Nc4 Bb7 14. Bg5 f6 15. Bh4 Qd7 16. Bg3 Rad8 17. Rad1 Nc7 18. d4 cxd4 19. cxd4 Nb4 20. Qb3 Nbd5 21. dxe5 fxe5 22. Ncxe5 Qc8 23. Rc1 Qe6 24. Nc6 Ne3 25. Qxe6+ Nxe6 26. Nxd8 Nxf1 27. Nxb7 1-0

[Event "Budapest FS12 FM-A"]
[Site "Budapest"]
[Date "2013.12.08"]
[Round "2"]
[White "Nagy, Aron"]
[Black "Lukacs, Albert"]
[Result "1/2-1/2"]
[WhiteElo "2127"]
[BlackElo "1938"]
[PlyCount "94"]
[EventDate "2013.12.07"]
[EventType "tourn"]
[EventRounds "9"]
[EventCountry "HUN"]
[SourceTitle "CBM 158 Extra"]
[Source "ChessBase"]
[SourceDate "2014.02.28"]
[SourceVersion "1"]
[SourceVersionDate "2014.02.28"]
[SourceQuality "1"]

1. Nf3 c5 2. g3 Nc6 3. Bg2 g6 4. c4 Bg7 5. Nc3 Nh6 6. h4 d6 7. d3 Bg4 8. h5 Qd7 9. hxg6 hxg6 10. Ng5 f6 11. Nge4 0-0-0 12. Qa4 Nf7 13. f4 Rxh1+ 14. Bxh1 Rh8 15. Nf2 Nfd8 16. Be3 Be6 17. Kd2 f5 18. Bf3 Kb8 19. Rh1 Qe8 20. Qd1 Bd7 21. Rxh8 Qxh8 22. Qh1 Ne6 23. Qxh8+ Bxh8 24. Nfd1 Ncd4 25. Bg2 Nc7 26. Bf2 Bc6 27. Bxc6 Nxc6 28. b3 Kc8 29. Ne3 Kd7 30. Ng2 Ke6 31. Nh4 Kf7 32. Nf3 Bf6 33. e3 e5 34. fxe5 dxe5 35. e4 Nd4 36. Nxd4 Bg5+ 37. Ke2 cxd4 38. Nd5 Ne6 39. b4 Bd8 40. Be1 Ng5 41. exf5 gxf5 42. Bd2 Nh3 43. Kf3 b5 44. Kg2 bxc4 45. dxc4 Ng5 46. Bxg5 Bxg5 47. Kf2 Bd8 1/2-1/2

[Event "Budapest FS12 FM-A"]
[Site "Budapest"]
[Date "2013.12.07"]
[Round "1"]
[White "Juhasz, Bela"]
[Black "Nagy, Aron"]
[Result "0-1"]
[WhiteElo "2141"]
[BlackElo "2127"]
[PlyCount "62"]
[EventDate "2013.12.07"]
[EventType "tourn"]
[EventRounds "9"]
[EventCountry "HUN"]
[SourceTitle "CBM 158 Extra"]
[Source "ChessBase"]
[SourceDate "2014.02.28"]
[SourceVersion "1"]
[SourceVersionDate "2014.02.28"]
[SourceQuality "1"]

1. Nf3 Nf6 2. c4 g6 3. Nc3 d5 4. cxd5 Nxd5 5. d4 Bg7 6. e4 Nxc3 7. bxc3 c5 8. Be3 Qa5 9. Nd2 cxd4 10. cxd4 0-0 11. Be2 Nc6 12. 0-0 f5 13. exf5 Bxf5 14. Nf3 Be6 15. Rb1 Bd5 16. a4 Qc7 17. Qc2 Qd7 18. Bc4 e6 19. Rfd1 Rac8 20. Bxd5 Qxd5 21. Rb5 Ne5 22. Qe2 Nxf3+ 23. gxf3 Qd7 24. d5 exd5 25. Rdxd5 Qh3 26. Rxb7 Rfe8 27. Rd1 Be5 28. f4 Bxf4 29. Qa2+ Kh8 30. Bd4+ Be5 31. Qb3 Qxh2+ 0-1

[Event "Budapest FS11 FM-A"]
[Site "Budapest"]
[Date "2013.11.11"]
[Round "8"]
[White "Nagy, Aron"]
[Black "Krstulovic, Alex"]
[Result "1-0"]
[WhiteElo "2142"]
[BlackElo "2001"]
[PlyCount "75"]
[EventDate "2013.11.02"]
[EventType "tourn"]
[EventRounds "9"]
[EventCountry "HUN"]
[SourceTitle "EXT 2015"]
[Source "ChessBase"]
[SourceDate "2014.11.20"]
[SourceVersion "1"]
[SourceVersionDate "2014.11.20"]
[SourceQuality "1"]

1. d4 Nf6 2. c4 e6 3. Nc3 Bb4 4. Qc2 0-0 5. a3 Bxc3+ 6. Qxc3 Ne4 7. Qc2 f5 8. Nh3 b6 9. f3 Nf6 10. e3 Bb7 11. Be2 c5 12. dxc5 bxc5 13. 0-0 Nc6 14. Rd1 Qc7 15. Nf4 Rae8 16. Nd3 d6 17. b4 cxb4 18. axb4 Rc8 19. Bd2 Qb6 20. c5 dxc5 21. bxc5 Qc7 22. Nf4 Rce8 23. Bc4 Bc8 24. Qxf5 Qf7 25. Qc2 Nd5 26. Bd3 Nf6 27. Bb5 Bd7 28. Qa4 Ne5 29. Bxd7 Nfxd7 30. Qxa7 g5 31. Nh3 h6 32. f4 g4 33. Nf2 h5 34. Bc3 Re7 35. Qa2 Ng6 36. Qc4 Rc8 37. Ne4 Qf8 38. Rxd7 1-0

[Event "Budapest-chT1 Lilienthal 1314"]
[Site "Budapest"]
[Date "2013.11.10"]
[Round "3"]
[White "Nagy, Aron"]
[Black "Juhasz, Kristof"]
[Result "0-1"]
[WhiteElo "2147"]
[BlackElo "2326"]
[PlyCount "94"]
[EventDate "2013.09.29"]
[EventType "team-tourn"]
[EventRounds "11"]
[EventCountry "HUN"]
[SourceTitle "EXT 2021"]
[Source "ChessBase"]
[SourceDate "2020.10.23"]
[SourceVersion "1"]
[SourceVersionDate "2020.10.23"]
[SourceQuality "1"]
[WhiteTeam "Budapest HUSI II"]
[BlackTeam "Sarkany II"]
[WhiteTeamCountry "HUN"]
[BlackTeamCountry "HUN"]

1. Nf3 Nf6 2. g3 g6 3. Bg2 Bg7 4. 0-0 d6 5. c4 0-0 6. Nc3 c6 7. d3 e5 8. b3 Re8 9. Bb2 d5 10. e3 a6 11. Rc1 Nbd7 12. Ne2 e4 13. dxe4 dxe4 14. Ne1 Qc7 15. Nc3 Nf8 16. Nc2 Bg4 17. f3 Rad8 18. Qe2 exf3 19. Bxf3 Bxf3 20. Qxf3 Ne6 21. Nb5 axb5 22. Bxf6 Bxf6 23. Qxf6 bxc4 24. bxc4 Nc5 25. Nd4 Qe7 26. Qxe7 Rxe7 27. Rc3 f5 28. Rb1 Kg7 29. Kg2 Rde8 30. Nc2 Rd7 31. Nd4 Ra8 32. a3 Kf6 33. h4 Ra7 34. Rf1 Ne4 35. Rc2 Rxa3 36. g4 Rxe3 37. g5+ Ke7 38. Nf3 Rdd3 39. Rb2 Nc5 40. Ra2 Rc3 41. Ra8 Rc2+ 42. Rf2 Rxc4 43. Rh8 Rg4+ 44. Kf1 Ne4 45. Rxh7+ Kf8 46. Ne5 Ng3+ 47. Kg2 Rxe5 0-1